Экзотика закончилась: ближе к делу: заметки сибирского профессора; Томский политехник; Вып. 4

Detaylı Bibliyografya
Parent link:Томский политехник: ежегодный журнал/ Томский политехнический университет (ТПУ), Ассоциация выпускников.— , 1995-
Вып. 4.— 1998.— [С. 52-57]
Yazar: Вавилов В. П. Владимир Платонович
Özet:Заглавие с титульного листа
Электронная версия печатной публикации
Dil:Rusça
Baskı/Yayın Bilgisi: 1998
Seri Bilgileri:Томский политехнический и Северная Америка
Konular:
Online Erişim:Цветная версия без потери качества
Materyal Türü: Elektronik Kitap Bölümü
KOHA link:https://koha.lib.tpu.ru/cgi-bin/koha/opac-detail.pl?biblionumber=189511

MARC

LEADER 00000nla2a2200000 4500
001 189511
005 20240202101817.0
035 |a (RuTPU)RU\TPU\book\206042 
035 |a RU\TPU\book\205971 
090 |a 189511 
100 |a 20101224d1998 km y0rusy50 ca 
101 0 |a rus 
102 |a RU 
135 |a drnn ---uucaa 
181 0 |a i  
182 0 |a b 
200 1 |a Экзотика закончилась: ближе к делу: заметки сибирского профессора  |f В. П. Вавилов 
203 |a Текст  |c электронный 
215 |a 1 файл (25.9 Мб) 
225 1 |a Томский политехнический и Северная Америка 
300 |a Заглавие с титульного листа 
300 |a Электронная версия печатной публикации 
337 |a Adobe Reader 
461 1 |0 (RuTPU)RU\TPU\book\202435  |t Томский политехник  |o ежегодный журнал  |f Томский политехнический университет (ТПУ), Ассоциация выпускников  |d 1995- 
463 1 |0 (RuTPU)RU\TPU\book\205930  |t Вып. 4  |v [С. 52-57]  |d 1998  |p 201 с. 
601 0 2 |a Томский политехнический университет (ТПУ)  |c (1991-2009)  |2 stltpush  |3 (RuTPU)RU\TPU\col\376 
610 1 |a Соединенные Штаты Америки 
610 1 |a США 
610 1 |a Северная Америка 
610 1 |a Канада 
610 1 |a американцы 
610 1 |a университеты 
610 1 |a визиты 
610 1 |a профессора 
610 1 |a заметки 
610 1 |a воспоминания 
610 1 |a электронный ресурс 
700 1 |a Вавилов  |b В. П.  |c специалист в области неразрушающего контроля  |c профессор Томского политехнического университета, доктор технических наук  |f 1949-  |g Владимир Платонович  |3 (RuTPU)RU\TPU\pers\19772  |9 7710 
801 1 |a RU  |b 63413507  |c 20101101 
801 2 |a RU  |b 63413507  |c 20140321  |g RCR 
856 4 |u http://www.lib.tpu.ru/fulltext/v/Tomsk_polytechnic/1998/N4a9_full.pdf  |z Цветная версия без потери качества 
942 |c CF